000 00592nam a2200169 a 4500
001 000021930
005 20200930011516.0
008 100914s1955 sp b r 000 0 spa d
040 _aDO-SdBNP
_bspa
_cBNPHU
082 _axxxx
_bM178d
100 1 _aMadariaga, Salvador de
_d1886-1978
_932386
245 1 0 _aDe Colón a Bolívar :
_bCristóbal Colón, Hernán Cortés, cuadro histórico de las indias y Bolívar /
_cSalvador de Madariaga.
260 _aBarcelona :
_bE.D.H.A.S.A.,
_c1955.
300 _a487 p. :
_bmap. ;
_c22 cm.
500 _aIncluye notas al pie de las páginas.
049 _aBNGR
999 _c21428
_d21428